000 01347 a2200421 4500
999 _c69135
_d10323
001 69135
003 TR-AnTOB
005 20240117145338.0
008 110217s2001 tu a b f001 0 d
020 _a9751727561
035 _aocm49745608
040 _aIXA
_cIXA
_dOSU
_dCUY
041 _aeng
043 _aa-tu---
050 _aDS66
_b.A55 2001
090 _aDS66 .A55 2001
100 _aAkurgal, Ekrem,
_d1911-2002
_980644
245 4 _aThe Hattian and Hittite civilizations /
_cEkrem Akurgal.
250 _a1st ed.
264 1 _aAnkara :
_bMinistry of Culture,
_c2001.
300 _axii, 300 p. :
_bill. (some col.) ;
_c24 cm.
336 _2rdacontent
_atext
_btxt
337 _2rdamedia
_aunmediated
_bn
338 _2rdacarrier
_avolume
_bnc
490 0 _aPublications of the Republic of Turkey Ministry of Culture ;
_v2616
_aDirectorate of Publications Arts Series ;
_v329
504 _aInclues bibliographical references and index.
650 _96978
_aHititler
_xTarih
650 _96977
_aHittites
_xHistory
650 0 _aHittites
_xAntiquities
_974706
650 _aHititler
_xEski eserler
_942648
651 _aTurkey
_xCivilization
_920835
651 _aTürkiye
_xUygarlık
_99258
902 _a0023949
903 _amerkez Kütüphane
942 _cBK
_2lcc